[Event "Deutsche Ländermeisterschaft 2012"]
[Site "Hannover GER"]
[Date "2012.10.01"]
[Round "4"]
[White "Schröder, Jan-Christian"]
[Black "Yankelevich, Lev"]
[Result "1/2-1/2"]
[Termination "normal"]
[Board "1.2"]
[WhiteTitle "14"]
[BlackTitle "16"]
[WhiteElo "2349"]
[BlackElo "2178"]
[WhiteTeam "Hessen 1"]
[BlackTeam "Rheinland-Pfalz"]
[PlyCount "77"]
[WhiteFideId "24662259"]
[BlackFideId "24684074"]
[EventCountry "GER"]
[EventRounds "7"]
[EventType "team-swiss"]
[EventDate "2012.09.28"]

1. d4 Nf6 2. Nf3 g6 3. g3 Bg7 4. Bg2 O-O 5. O-O d6 6. c4 Nbd7 7. Nc3 c6 8. e4
Qc7 9. h3 e5 10. Be3 exd4 11. Nxd4 Nc5 12. Qc2 Nfd7 13. Rad1 Nb6 14. b3 a5 15.
Rfe1 a4 16. Kh2 axb3 17. axb3 Nbd7 18. Ra1 Rxa1 19. Rxa1 Nf6 20. b4 Ne6 21. Rd1
Re8 22. Nxe6 Bxe6 23. Ne2 Qe7 24. Bf4 d5 25. e5 Nd7 26. cxd5 Bxd5 27. Bxd5 cxd5
28. Nc3 Nxe5 29. Bxe5 Qxe5 30. Nxd5 Qe4 31. Qxe4 Rxe4 32. Kg2 Rd4 33. Rxd4 Bxd4
34. g4 f6 35. f4 Kf7 36. f5 gxf5 37. gxf5 Ke8 38. Kf3 Kd7 39. Ke4 1/2-1/2

[Event "Deutsche Ländermeisterschaft 2012"]
[Site "Hannover GER"]
[Date "2012.10.01"]
[Round "4"]
[White "Carow, Annelen"]
[Black "Bluhm, Sonja Maria"]
[Result "1-0"]
[Termination "normal"]
[Board "1.5"]
[WhiteTitle "20w"]
[BlackTitle "14w"]
[WhiteElo "1968"]
[BlackElo "1981"]
[WhiteTeam "Rheinland-Pfalz"]
[BlackTeam "Hessen 1"]
[PlyCount "89"]
[WhiteFideId "24692492"]
[BlackFideId "24654027"]
[EventCountry "GER"]
[EventRounds "7"]
[EventType "team-swiss"]
[EventDate "2012.09.28"]

1. d4 Nf6 2. c4 g6 3. Nc3 Bg7 4. e4 d6 5. f3 O-O 6. Be3 a6 7. Nge2 Nbd7 8. Qd2
c5 9. Rd1 Qa5 10. Nc1 b5 11. cxb5 axb5 12. Bxb5 Ba6 13. Bxa6 Qxa6 14. N1e2 Nb6
15. b3 c4 16. b4 Na4 17. b5 Qa5 18. Nxa4 Qxa4 19. Nc3 Qa3 20. O-O Rfb8 21. Rb1
Nd7 22. Rfc1 Nb6 23. Qb2 Qa7 24. Qb4 h5 25. a4 Nxa4 26. Nxa4 Qxa4 27. Rxc4 Qa7
28. b6 Qa6 29. Rc7 Rb7 30. Qb5 Qxb5 31. Rxb5 Rab8 32. d5 Kf8 33. Rxb7 Rxb7 34.
Ra5 Ke8 35. Ra8+ Kd7 36. Kf2 Bc3 37. Ra4 Bf6 38. Ke2 e6 39. Kd3 Bd8 40. Ra6 g5
41. Kc4 g4 42. Kb5 exd5 43. exd5 f5 44. Ra7 Kc8 45. Kc6 1-0

[Event "Deutsche Ländermeisterschaft 2012"]
[Site "Hannover GER"]
[Date "2012.10.01"]
[Round "4"]
[White "Liez, Franziska"]
[Black "Schwarz, Larissa"]
[Result "1-0"]
[Termination "normal"]
[Board "1.6"]
[WhiteTitle "16w"]
[BlackTitle "14w"]
[WhiteElo "1920"]
[BlackElo "1900"]
[WhiteTeam "Hessen 1"]
[BlackTeam "Rheinland-Pfalz"]
[PlyCount "95"]
[WhiteFideId "1271766"]
[BlackFideId "24699004"]
[EventCountry "GER"]
[EventRounds "7"]
[EventType "team-swiss"]
[EventDate "2012.09.28"]

1. e4 c5 2. Nf3 e6 3. c4 d6 4. Nc3 a6 5. Be2 Nf6 6. O-O Qc7 7. d4 cxd4 8. Nxd4
Be7 9. Be3 Nbd7 10. f4 b6 11. Rc1 Bb7 12. Qc2 O-O 13. b3 Rfe8 14. Bf3 Rac8 15.
h3 Qb8 16. Qb1 Qa8 17. Bf2 Bf8 18. Rfe1 e5 19. fxe5 dxe5 20. Nf5 g6 21. Ne3 Bb4
22. Ned5 Nxd5 23. exd5 b5 24. Re4 f5 25. Re3 bxc4 26. bxc4 Rxc4 27. Be2 Rxc3
28. Rexc3 Bxc3 29. Rxc3 Bxd5 30. Bf1 Nf6 31. Ra3 Re6 32. Ra5 Ne4 33. Be1 Qa7+
34. Kh1 Qa8 35. Qd3 Nf6 36. Qa3 Kg7 37. Bh4 Ne8 38. Qc5 Bb7 39. Be1 Qc8 40. Qb4
Qc6 41. Bc3 Qc7 42. Qb2 Kf6 43. Be2 Ng7 44. Qb4 Qb8 45. Bf3 Qc7 46. Bxb7 Rb6
47. Bxe5+ Qxe5 48. Qxb6+ 1-0

[Event "Deutsche Ländermeisterschaft 2012"]
[Site "Hannover GER"]
[Date "2012.10.01"]
[Round "4"]
[White "Muckle, Julius"]
[Black "Nothnagel, Marian Can"]
[Result "1/2-1/2"]
[Termination "normal"]
[Board "1.7"]
[WhiteTitle "12"]
[BlackTitle "12"]
[WhiteElo "1760"]
[BlackElo "1738"]
[WhiteTeam "Rheinland-Pfalz"]
[BlackTeam "Hessen 1"]
[PlyCount "109"]
[WhiteFideId "12942430"]
[BlackFideId "12921530"]
[EventCountry "GER"]
[EventRounds "7"]
[EventType "team-swiss"]
[EventDate "2012.09.28"]

1. d4 Nf6 2. c4 g6 3. Nc3 Bg7 4. e4 d6 5. f3 O-O 6. Be3 c5 7. d5 e6 8. Bd3 exd5
9. cxd5 a6 10. a4 Re8 11. Nge2 Nbd7 12. h3 Ne5 13. b3 Nxd3+ 14. Qxd3 Nd7 15.
O-O Rb8 16. f4 Qe7 17. Bf2 b5 18. axb5 axb5 19. Ra7 b4 20. Nb5 Rb7 21. Ra2 Nb8
22. e5 dxe5 23. d6 Qd7 24. Nc7 Rxc7 25. dxc7 Qxc7 26. fxe5 Bxe5 27. Bg3 Bxg3
28. Qxg3 Qxg3 29. Nxg3 Be6 30. Re1 Nc6 31. Rc2 Nd4 32. Rxc5 Rb8 33. Ne4 Nxb3
34. Rc7 Nd4 35. Nf6+ Kg7 36. Nd7 Rb5 37. Nc5 Bd5 38. Rd1 Ne2+ 39. Kf2 Nc3 40.
Rd4 b3 41. Nxb3 Rxb3 42. Rxc3 Rb2+ 43. Ke3 Bxg2 44. Rd2 Rxd2 45. Kxd2 Bd5 46.
Ke3 Be6 47. h4 Kf6 48. Kf4 h6 49. Rc5 Ke7 50. Ra5 f6 51. Ra7+ Bd7 52. Ra5 g5+
53. hxg5 hxg5+ 54. Rxg5 fxg5+ 55. Kxg5 1/2-1/2

[Event "Deutsche Ländermeisterschaft 2012"]
[Site "Hannover GER"]
[Date "2012.10.01"]
[Round "4"]
[White "Graf, Clara Victoria"]
[Black "Sanati, Charlotte"]
[Result "1-0"]
[Termination "normal"]
[Board "1.8"]
[WhiteTitle "12w"]
[BlackTitle "12w"]
[WhiteElo "1740"]
[BlackElo "1607"]
[WhiteTeam "Hessen 1"]
[BlackTeam "Rheinland-Pfalz"]
[PlyCount "117"]
[WhiteFideId "1270339"]
[BlackFideId "12907707"]
[EventCountry "GER"]
[EventRounds "7"]
[EventType "team-swiss"]
[EventDate "2012.09.28"]

1. e4 e5 2. Nf3 Nc6 3. Bb5 a6 4. Bxc6 dxc6 5. O-O Bg4 6. h3 h5 7. d3 Qf6 8. Be3
Bxf3 9. Qxf3 Qxf3 10. gxf3 Bd6 11. Nd2 Ne7 12. Nc4 Ng6 13. Rfd1 O-O-O 14. Kf1
Rhe8 15. Ke2 Nf8 16. f4 exf4 17. Nxd6+ cxd6 18. Bxf4 d5 19. f3 dxe4 20. fxe4 f5
21. Ke3 fxe4 22. dxe4 Ne6 23. Rxd8+ Rxd8 24. Bh2 Nc5 25. Rg1 Ne6 26. Rg6 Kd7
27. Be5 Rg8 28. h4 Ke7 29. Bc3 Kf7 30. Rg1 g6 31. Rf1+ Ke8 32. Rf6 Nc5 33. b4
Nd7 34. Re6+ Kf7 35. Rd6 Ke8 36. e5 Ke7 37. Ke4 Nb6 38. Bd2 Kf7 39. Bg5 Re8 40.
Rf6+ Kg7 41. e6 Nd5 42. Rf7+ Kg8 43. Ke5 b5 44. Bf6 Nxf6 45. Kxf6 Kh8 46. e7
Kg8 47. Rf8+ Rxf8+ 48. exf8=Q+ Kxf8 49. Kxg6 Kg8 50. Kxh5 Kg7 51. Kg5 Kf7 52.
h5 Kg7 53. Kf5 Kh6 54. Ke5 Kxh5 55. Kd6 Kg6 56. Kxc6 Kf6 57. Kb6 Ke5 58. Kxa6
Kd4 59. Kxb5 1-0

[Event "Deutsche Ländermeisterschaft 2012"]
[Site "Hannover GER"]
[Date "2012.10.01"]
[Round "4"]
[White "Graf, Felix"]
[Black "Möhn, Hans"]
[Result "1/2-1/2"]
[Termination "normal"]
[Board "2.1"]
[WhiteTitle "20"]
[BlackTitle "16"]
[WhiteElo "2449"]
[BlackElo "2119"]
[WhiteTeam "Bayern"]
[BlackTeam "Sachsen"]
[PlyCount "285"]
[WhiteFideId "24608904"]
[BlackFideId "24647837"]
[EventCountry "GER"]
[EventRounds "7"]
[EventType "team-swiss"]
[EventDate "2012.09.28"]

1. d4 Nf6 2. c4 g6 3. Nc3 Bg7 4. e4 d6 5. f3 O-O 6. Be3 a6 7. Nge2 Nbd7 8. d5
Ne5 9. Ng3 c6 10. a4 cxd5 11. cxd5 e6 12. Be2 exd5 13. exd5 Re8 14. Qd2 Qe7 15.
Kf2 h5 16. Rhe1 h4 17. Nf1 h3 18. g3 Bf5 19. a5 Rac8 20. Ra4 Rc5 21. Bxc5 dxc5
22. Ne3 Bd7 23. Raa1 Qd6 24. Rad1 Rd8 25. Kf1 Qe7 26. Ra1 Bf8 27. d6 Qe6 28.
Ned5 Qxd6 29. Nxf6+ Qxf6 30. Qf4 Qxf4 31. gxf4 Nc6 32. Ne4 Bf5 33. Red1 Nd4 34.
Rac1 Nxe2 35. Kxe2 Re8 36. Rc4 Bg7 37. Kf1 Bxb2 38. Rxc5 Bxe4 39. fxe4 Rxe4 40.
f5 Rf4+ 41. Ke2 Rxf5 42. Rxf5 gxf5 43. Rd3 Be5 44. Rxh3 Bc7 45. Rb3 Bxa5 46.
Rxb7 Bc3 47. Kf3 Be5 48. Kg2 a5 49. Rb5 Bc3 50. Kf3 Kg7 51. Rc5 Bd2 52. Rc2 Bb4
53. h3 Kg6 54. Rc8 Kg5 55. Rc7 Kg6 56. Ra7 Bd2 57. Ra6+ Kg5 58. Rd6 Bb4 59. Rd8
Bc3 60. Rf8 Kg6 61. Rc8 Bb4 62. Rg8+ Kf6 63. h4 a4 64. Ra8 a3 65. Ra6+ Kg7 66.
h5 Kg8 67. Kf4 Bd2+ 68. Kxf5 Bc1 69. Kg4 Kg7 70. Kh4 Kg8 71. h6 a2 72. Kh5 Kh7
73. Rxa2 Bxh6 74. Rf2 Kg7 75. Rg2+ Kh7 76. Rg3 Bg7 77. Kg5 Kg8 78. Kf5 Kh7 79.
Ke4 Kh6 80. Kd5 Bf6 81. Kd6 Bg5 82. Ke5 Kg6 83. Rg2 f6+ 84. Ke6 Kh5 85. Kf5 Kh4
86. Rg1 Kh3 87. Ke4 Kh4 88. Rg2 Kh5 89. Rg3 Kg6 90. Rg1 Kh5 91. Kf5 Kh4 92. Rb1
Kg3 93. Rb3+ Kg2 94. Ra3 Kf2 95. Ke4 Kg2 96. Rf3 Bh4 97. Kf4 Bf2 98. Rd3 Bg1
99. Rd2+ Kh1 100. Kg3 f5 101. Rd1 f4+ 102. Kf3 Kh2 103. Rd2+ Kh1 104. Rc2 Bh2
105. Ra2 Bg1 106. Ra6 Bh2 107. Rc6 Bg1 108. Rc1 Kh2 109. Rc8 Kh1 110. Rh8+ Bh2
111. Kf2 f3 112. Rd8 Bg1+ 113. Kg3 Bh2+ 114. Kf2 Bg1+ 115. Kf1 f2 116. Rd1 Kh2
117. Rd3 Kh1 118. Rg3 Bh2 119. Rg6 Bg1 120. Rg2 Bh2 121. Kxf2 Be5 122. Rg1+ Kh2
123. Rd1 Bg3+ 124. Kf3 Be5 125. Rd2+ Kh1 126. Kf2 Bc7 127. Rb2 Bd6 128. Rb5 Bc7
129. Rb7 Bd6 130. Rb5 Bc7 131. Rb1+ Kh2 132. Rb7 Bg3+ 133. Kf3 Be5 134. Rd7 Kh1
135. Kf2 Bf4 136. Rd1+ Kh2 137. Rd4 Bg3+ 138. Kf1 Be5 139. Rg4 Kh1 140. Rg1+
Kh2 141. Rg5 Bf4 142. Rh5+ Kg3 143. Rh3+ 1/2-1/2

[Event "Deutsche Ländermeisterschaft 2012"]
[Site "Hannover GER"]
[Date "2012.10.01"]
[Round "4"]
[White "Kreyßig, Robert"]
[Black "Berchtenbreiter, Maximilian"]
[Result "0-1"]
[Termination "normal"]
[Board "2.2"]
[WhiteTitle "16"]
[BlackTitle "18"]
[WhiteElo "1939"]
[BlackElo "2328"]
[WhiteTeam "Sachsen"]
[BlackTeam "Bayern"]
[PlyCount "92"]
[WhiteFideId "4662881"]
[BlackFideId "24641120"]
[EventCountry "GER"]
[EventRounds "7"]
[EventType "team-swiss"]
[EventDate "2012.09.28"]

1. d4 Nf6 2. c4 a6 3. Nf3 e6 4. g3 b5 5. cxb5 axb5 6. Bg2 Bb7 7. O-O Be7 8. Bg5
O-O 9. Nbd2 h6 10. Bxf6 Bxf6 11. Qc2 Nc6 12. e3 Be7 13. Rfe1 Ra4 14. Ne5 Ra6
15. Nb3 Nxe5 16. Bxb7 Ra7 17. Bg2 Nc4 18. a4 c6 19. axb5 Rxa1 20. Rxa1 cxb5 21.
Nc5 d5 22. b3 Nd6 23. b4 Nc4 24. Ra7 Bg5 25. Qc3 Re8 26. h4 Bf6 27. Qa1 Qb8 28.
Rb7 Qa8 29. Qxa8 Rxa8 30. Rxb5 Ra1+ 31. Kh2 Ra2 32. Kg1 Ra1+ 33. Kh2 Ra2 34.
Rb8+ Kh7 35. Kg1 Ra1+ 36. Kh2 Ra2 37. Nd3 Rd2 38. Ne5 Bxe5 39. dxe5 Rxf2 40.
Kg1 Rd2 41. b5 Nxe3 42. Bf3 Nc4 43. Kf1 Nxe5 44. Be2 d4 45. Ke1 Rb2 46. Rd8 d3
0-1

[Event "Deutsche Ländermeisterschaft 2012"]
[Site "Hannover GER"]
[Date "2012.10.01"]
[Round "4"]
[White "Klek, Hanna Marie"]
[Black "Richter, Leonard"]
[Result "1-0"]
[Termination "normal"]
[Board "2.3"]
[WhiteTitle "18w"]
[BlackTitle "14"]
[WhiteElo "2214"]
[BlackElo "1910"]
[WhiteTeam "Bayern"]
[BlackTeam "Sachsen"]
[PlyCount "73"]
[WhiteFideId "24670057"]
[BlackFideId "12900290"]
[EventCountry "GER"]
[EventRounds "7"]
[EventType "team-swiss"]
[EventDate "2012.09.28"]

1. Nf3 c5 2. c4 Nf6 3. Nc3 b6 4. d4 cxd4 5. Nxd4 Bb7 6. Bg5 e6 7. f3 d6 8. e4
a6 9. Be2 Nbd7 10. Qd2 Be7 11. O-O O-O 12. Rfd1 Rc8 13. Rac1 Rc7 14. Qe1 Qa8
15. Bf1 Re8 16. b3 Bf8 17. Kh1 Rcc8 18. a4 Be7 19. Bh4 Bd8 20. Qf2 Nc5 21. b4
Ncd7 22. Nb3 Bc7 23. Ne2 d5 24. exd5 exd5 25. c5 a5 26. Bxf6 gxf6 27. c6 Bxc6
28. b5 Bxb5 29. axb5 Kh8 30. Nbd4 Re5 31. Ng3 Nc5 32. Nc6 Rg5 33. f4 Rg4 34.
Rxd5 Bxf4 35. Rcd1 Ne6 36. Nh5 Rcg8 37. Nxf6 1-0

[Event "Deutsche Ländermeisterschaft 2012"]
[Site "Hannover GER"]
[Date "2012.10.01"]
[Round "4"]
[White "Vogel, Roven"]
[Black "Weber, Daniel"]
[Result "1/2-1/2"]
[Termination "normal"]
[Board "2.4"]
[WhiteTitle "12"]
[BlackTitle "16"]
[WhiteElo "1993"]
[BlackElo "1816"]
[WhiteTeam "Sachsen"]
[BlackTeam "Bayern"]
[PlyCount "116"]
[WhiteFideId "12908088"]
[BlackFideId "24615498"]
[EventCountry "GER"]
[EventRounds "7"]
[EventType "team-swiss"]
[EventDate "2012.09.28"]

1. d4 e6 2. Nf3 d5 3. c4 Nf6 4. Nbd2 b6 5. g3 Bb7 6. Bg2 Be7 7. O-O O-O 8. b3
Nbd7 9. Bb2 c5 10. Rc1 Rc8 11. cxd5 Bxd5 12. Nc4 cxd4 13. Qxd4 Bc5 14. Qh4 Qe7
15. Nfe5 Nxe5 16. Bxe5 Bxg2 17. Kxg2 Nd7 18. Qxe7 Bxe7 19. Bd6 Bxd6 20. Nxd6
Rxc1 21. Rxc1 Nc5 22. b4 Na6 23. a3 Ra8 24. Rc8+ Rxc8 25. Nxc8 Kf8 26. Nxa7 Nc7
27. a4 Na6 28. Nc8 Nxb4 29. Nxb6 Ke7 30. Nc4 Nc6 31. Kf3 Kd7 32. Ke4 Kc7 33. h4
f6 34. g4 Ne7 35. f4 Nd5 36. a5 Ne7 37. Ne3 Nc6 38. f5 Nxa5 39. fxe6 Kd6 40.
Nf5+ Kxe6 41. Nxg7+ Kf7 42. Nf5 Nc4 43. Kf4 Ne5 44. h5 Nd7 45. Nd6+ Ke6 46. Ne4
Nb6 47. Nc3 Nc4 48. Nd1 Ne5 49. Nf2 Nc6 50. Ne4 Nd4 51. Ng3 Nb5 52. g5 Nc7 53.
e4 fxg5+ 54. Kxg5 Ne8 55. Kh6 Nf6 56. Kg7 Nxh5+ 57. Nxh5 Ke5 58. Ng3 h5 1/2-1/2

[Event "Deutsche Ländermeisterschaft 2012"]
[Site "Hannover GER"]
[Date "2012.10.01"]
[Round "4"]
[White "Bilchinski, Anton"]
[Black "Scholz, Robert"]
[Result "1/2-1/2"]
[Termination "normal"]
[Board "2.5"]
[WhiteTitle "14"]
[BlackTitle "14"]
[WhiteElo "1891"]
[BlackElo "1901"]
[WhiteTeam "Bayern"]
[BlackTeam "Sachsen"]
[PlyCount "86"]
[WhiteFideId "24615765"]
[BlackFideId "1270301"]
[EventCountry "GER"]
[EventRounds "7"]
[EventType "team-swiss"]
[EventDate "2012.09.28"]

1. d4 Nf6 2. c4 e6 3. Nc3 Bb4 4. e3 c5 5. Nge2 cxd4 6. exd4 d5 7. a3 Be7 8. Nf4
Nc6 9. Be3 O-O 10. Be2 a6 11. cxd5 Nxd5 12. Nfxd5 exd5 13. Bf3 Be6 14. b4 b5
15. Qb3 Bf6 16. Rd1 Ne7 17. O-O Qd7 18. Rd2 Rfd8 19. a4 Nf5 20. Ra1 Rab8 21.
axb5 axb5 22. Ra5 Rb6 23. Rda2 Nxd4 24. Bxd4 Bxd4 25. Ne2 Bf6 26. Nf4 d4 27.
Nxe6 Qxe6 28. Qxe6 Rxe6 29. g3 Re1+ 30. Kg2 d3 31. Rd2 g6 32. Ra3 Rb1 33. Rdxd3
Rxd3 34. Rxd3 Rxb4 35. Rd6 Bc3 36. Bd5 Kf8 37. Rb6 Rb2 38. Rb8+ Ke7 39. Rb7+
Kd6 40. Bxf7 Bd4 41. Bg8 Bxf2 42. Bxh7 g5 43. Kf3 Be1 1/2-1/2

[Event "Deutsche Ländermeisterschaft 2012"]
[Site "Hannover GER"]
[Date "2012.10.01"]
[Round "4"]
[White "Nobis, Anna"]
[Black "Dürr, Florian"]
[Result "1-0"]
[Termination "normal"]
[Board "2.6"]
[WhiteTitle "14w"]
[BlackTitle "12"]
[WhiteElo "1666"]
[BlackElo "1920"]
[WhiteTeam "Sachsen"]
[BlackTeam "Bayern"]
[PlyCount "81"]
[WhiteFideId "1270302"]
[BlackFideId "24659134"]
[EventCountry "GER"]
[EventRounds "7"]
[EventType "team-swiss"]
[EventDate "2012.09.28"]

1. e4 c5 2. Nc3 Nc6 3. g3 g6 4. Bg2 Bg7 5. d3 d6 6. Be3 e6 7. Qd2 Nge7 8. Bh6
O-O 9. h4 f6 10. Bxg7 Kxg7 11. h5 g5 12. h6+ Kh8 13. Bh3 Rg8 14. Nge2 Nd4 15.
Nxd4 cxd4 16. Ne2 g4 17. Bg2 e5 18. O-O-O Be6 19. Kb1 a5 20. f4 gxf3 21. Bxf3
b5 22. Rdf1 Qb6 23. Bh5 Raf8 24. Rhg1 f5 25. exf5 Nxf5 26. g4 Ne3 27. Rxf8 Rxf8
28. g5 Bf7 29. Ng3 Bg6 30. Bxg6 hxg6 31. Ne4 Rf5 32. c3 d5 33. Nf6 dxc3 34.
Qxc3 Nc4 35. Rc1 d4 36. Qc2 Rxg5 37. Ne4 Rh5 38. dxc4 Rxh6 39. Qf2 Kg7 40. Rf1
Rh3 41. Qf8+ 1-0

[Event "Deutsche Ländermeisterschaft 2012"]
[Site "Hannover GER"]
[Date "2012.10.01"]
[Round "4"]
[White "Berger, Nadja"]
[Black "Kempe, Anne"]
[Result "1-0"]
[Termination "normal"]
[Board "2.7"]
[WhiteTitle "16w"]
[BlackTitle "14w"]
[WhiteElo "1769"]
[BlackElo "1703"]
[WhiteTeam "Bayern"]
[BlackTeam "Sachsen"]
[PlyCount "197"]
[WhiteFideId "24692212"]
[BlackFideId "12918083"]
[EventCountry "GER"]
[EventRounds "7"]
[EventType "team-swiss"]
[EventDate "2012.09.28"]

1. e4 c5 2. Nf3 Nc6 3. d4 cxd4 4. Nxd4 Nf6 5. Nc3 d6 6. Bc4 Qb6 7. Ndb5 a6 8.
Na3 g6 9. Bb3 Qc7 10. f3 b5 11. Nd5 Nxd5 12. Bxd5 Bg7 13. O-O Bb7 14. Kh1 O-O
15. Qe1 Rac8 16. c3 Ne5 17. Bxb7 Qxb7 18. Nc2 a5 19. Ne3 Nc4 20. Nxc4 Rxc4 21.
Be3 b4 22. cxb4 Bxb2 23. Rb1 Bc3 24. bxa5 Qa6 25. Qe2 Bxa5 26. Bh6 Rfc8 27. h3
Qc6 28. Qb2 Bc3 29. Qb3 Bg7 30. Bg5 e6 31. Rfd1 d5 32. exd5 exd5 33. Rbc1 d4
34. Qb1 Qa4 35. Rxc4 Qxc4 36. Rc1 Qa6 37. Rxc8+ Qxc8 38. Qd3 Qe6 39. Qd2 Qc4
40. Kg1 Qa4 41. Kf1 Qb5+ 42. Kf2 Qa4 43. Ke2 Qc4+ 44. Kf2 d3 45. Qa5 Qc2+ 46.
Bd2 Bd4+ 47. Kg3 Kg7 48. a3 Bf6 49. a4 Bb2 50. h4 Bf6 51. Kh3 Qd1 52. Kg3 Qe2
53. h5 gxh5 54. Bc3 Bxc3 55. Qxc3+ f6 56. Qc7+ Kg6 57. Qd8 Qe1+ 58. Kh3 Qe6+
59. Kg3 Qe1+ 60. Kh3 Qc3 61. Qg8+ Kf5 62. Qd5+ Kf4 63. Qe4+ Kg5 64. Qd5+ f5 65.
Qg8+ Kf4 66. Qxh7 d2 67. Qh6+ Ke5 68. Qh8+ Kd5 69. Qxc3 d1=Q 70. Qa5+ Ke6 71.
Qb6+ Ke7 72. Qc5+ Ke6 73. Qc6+ Ke5 74. Qe8+ Kf6 75. Qf8+ Ke6 76. Qe8+ Kf6 77.
Qc6+ Ke5 78. Kh2 Qd8 79. Qc3+ Ke6 80. Qe3+ Kf7 81. Qf4 Kg6 82. Kh3 Qb6 83. Qe5
Qg1 84. Qh2 Qb6 85. Qe5 Qg1 86. Qe8+ Kh6 87. Qe6+ Kg5 88. Qe5 Kg6 89. a5 Qh1+
90. Qh2 Qa1 91. Qd6+ Kg7 92. a6 Qa5 93. Qd7+ Kg6 94. a7 Kh6 95. Qd6+ Kg7 96.
Qb8 f4 97. a8=Q Qf5+ 98. Kh2 Qg5 99. Qg8+ 1-0

[Event "Deutsche Ländermeisterschaft 2012"]
[Site "Hannover GER"]
[Date "2012.10.01"]
[Round "4"]
[White "Halas, Julia"]
[Black "Schneider, Jana"]
[Result "0-1"]
[Termination "normal"]
[Board "2.8"]
[WhiteTitle "12w"]
[BlackTitle "12w"]
[WhiteElo "1613"]
[BlackElo "1665"]
[WhiteTeam "Sachsen"]
[BlackTeam "Bayern"]
[PlyCount "78"]
[WhiteFideId "12931810"]
[BlackFideId "12924997"]
[EventCountry "GER"]
[EventRounds "7"]
[EventType "team-swiss"]
[EventDate "2012.09.28"]

1. d4 d5 2. c4 e6 3. Nc3 Be7 4. Nf3 Nf6 5. Bg5 O-O 6. e3 b6 7. cxd5 exd5 8. Bd3
Bb7 9. O-O Re8 10. Rc1 c5 11. Qc2 Nbd7 12. Bb5 a6 13. Be2 c4 14. b3 cxb3 15.
Qxb3 b5 16. Rc2 Nb6 17. Bxf6 Bxf6 18. a4 bxa4 19. Nxa4 Nxa4 20. Qxb7 a5 21.
Rfc1 Rb8 22. Qc7 Qxc7 23. Rxc7 g6 24. Ra7 Ra8 25. Bb5 Rxa7 26. Bxe8 Nb6 27. Kf1
a4 28. Ra1 a3 29. Ke2 Nc4 30. Kd3 Ra5 31. Nd2 Nb2+ 32. Kc2 Be7 33. Nb1 Bd6 34.
Kb3 Nc4 35. h3 Ra6 36. Bb5 Rb6 37. Ka4 Rb7 38. g3 Kf8 39. Bc6 Rb4# 0-1

[Event "Deutsche Ländermeisterschaft 2012"]
[Site "Hannover GER"]
[Date "2012.10.01"]
[Round "4"]
[White "Krassowizkij, Jaroslaw"]
[Black "Schulz, Jens"]
[Result "1/2-1/2"]
[Termination "normal"]
[Board "3.1"]
[WhiteTitle "20"]
[BlackTitle "20"]
[WhiteElo "2411"]
[BlackElo "2269"]
[WhiteTeam "Württemberg"]
[BlackTeam "Niedersachsen 1"]
[PlyCount "95"]
[WhiteFideId "1271703"]
[BlackFideId "24675687"]
[EventCountry "GER"]
[EventRounds "7"]
[EventType "team-swiss"]
[EventDate "2012.09.28"]

1. d4 Nf6 2. c4 e6 3. Nc3 Bb4 4. e3 O-O 5. Nge2 d5 6. a3 Be7 7. Nf4 b6 8. Bd3
Bb7 9. cxd5 exd5 10. O-O c5 11. Bc2 Na6 12. Qf3 c4 13. g4 g5 14. Nfe2 Nc7 15.
Ng3 Bc8 16. Nf5 Bxf5 17. Bxf5 Ne6 18. Bc2 Rb8 19. Ne2 Re8 20. Ng3 Bf8 21. Kg2
Ng7 22. Rh1 Qe7 23. h4 gxh4 24. Nf5 Nxf5 25. Qxf5 h6 26. Rxh4 Bg7 27. f3 Qe6
28. Bd2 a5 29. Kf2 Kf8 30. Rg1 Ng8 31. Rh5 Nf6 32. Rh2 Ng8 33. g5 Qxf5 34. Bxf5
hxg5 35. Rxg5 Bf6 36. Rgh5 Ne7 37. Bc3 Rbd8 38. Bc2 Ng6 39. Rh7 Bg7 40. Rg2 Rd6
41. f4 Bf6 42. Rh5 Ne7 43. Kf3 Nc6 44. Ba4 Red8 45. Be1 Re6 46. f5 Nxd4+ 47.
Kf2 Nxf5 48. Rxf5 1/2-1/2

[Event "Deutsche Ländermeisterschaft 2012"]
[Site "Hannover GER"]
[Date "2012.10.01"]
[Round "4"]
[White "Schreiner, Till"]
[Black "Kvetny, Mark"]
[Result "1-0"]
[Termination "normal"]
[Board "3.2"]
[WhiteTitle "18"]
[BlackTitle "16"]
[WhiteElo "2222"]
[BlackElo "2245"]
[WhiteTeam "Niedersachsen 1"]
[BlackTeam "Württemberg"]
[PlyCount "125"]
[WhiteFideId "24675555"]
[BlackFideId "24603929"]
[EventCountry "GER"]
[EventRounds "7"]
[EventType "team-swiss"]
[EventDate "2012.09.28"]

1. d4 Nf6 2. c4 e6 3. Nc3 Bb4 4. e3 c5 5. Bd3 Nc6 6. Nf3 Bxc3+ 7. bxc3 d6 8.
O-O O-O 9. Nd2 e5 10. Rb1 Qe7 11. Qc2 exd4 12. cxd4 Nb4 13. Rxb4 cxb4 14. e4 b5
15. cxb5 Bb7 16. Bb2 Rac8 17. Qb1 Nd7 18. Nb3 f5 19. exf5 Qg5 20. f3 Nf6 21.
Bc1 Qh4 22. Bd2 Bd5 23. Bxb4 Kh8 24. Qe1 Qxe1 25. Rxe1 Bxb3 26. axb3 Rfe8 27.
Rxe8+ Nxe8 28. Be4 Rb8 29. Ba3 Rb6 30. Kf2 Nc7 31. g4 d5 32. Bd3 Nxb5 33. Bc5
Rb7 34. b4 Kg8 35. Ke3 Na3 36. Kd2 Kf7 37. Kc3 Kf6 38. h4 Nb5+ 39. Kb3 Kf7 40.
Ka4 Nc7 41. Ka5 Ke8 42. g5 h6 43. f4 Kf7 44. Bd6 Ne8 45. Be5 Ke7 46. Bb5 Nd6
47. Bc6 Rb6 48. f6+ gxf6 49. Bxf6+ Ke6 50. b5 h5 51. Bg7 Nf5 52. Be5 Nxh4 53.
Bc7 Nf5 54. Bxb6 axb6+ 55. Kxb6 Kd6 56. Be8 h4 57. Bh5 h3 58. Bf3 Nxd4 59. Bh1
Nb3 60. g6 Nc5 61. g7 Nd7+ 62. Ka7 Nf6 63. b6 1-0

[Event "Deutsche Ländermeisterschaft 2012"]
[Site "Hannover GER"]
[Date "2012.10.01"]
[Round "4"]
[White "Braun, Georg"]
[Black "Grigorian, Spartak"]
[Result "0-1"]
[Termination "normal"]
[Board "3.3"]
[WhiteTitle "18"]
[BlackTitle "14"]
[WhiteElo "2196"]
[BlackElo "2127"]
[WhiteTeam "Württemberg"]
[BlackTeam "Niedersachsen 1"]
[PlyCount "94"]
[WhiteFideId "24629383"]
[BlackFideId "24661490"]
[EventCountry "GER"]
[EventRounds "7"]
[EventType "team-swiss"]
[EventDate "2012.09.28"]

1. e4 c5 2. Nf3 d6 3. d4 cxd4 4. Nxd4 Nf6 5. Nc3 a6 6. f4 Nc6 7. Nf3 e6 8. Bd3
Be7 9. O-O b5 10. Kh1 Bb7 11. Qe1 b4 12. Ne2 d5 13. e5 Ne4 14. Be3 f5 15. exf6
Bxf6 16. Ned4 Nxd4 17. Bxd4 Bxd4 18. Nxd4 Qb6 19. Qe3 O-O 20. Rae1 Rf6 21. Bxe4
dxe4 22. Kg1 Raf8 23. g3 Bd5 24. Nb3 Qxe3+ 25. Rxe3 Rc8 26. Rf2 Rf7 27. Rd2
Rfc7 28. Nd4 g6 29. a3 a5 30. Kf2 Rc4 31. h4 Kg7 32. b3 Rc3 33. Rde2 bxa3 34.
Re1 a4 35. bxa4 a2 36. Ra1 R3c4 37. Ne2 Rxc2 38. Ra3 Bc4 39. Re1 Rb8 40. Ke3
Rxe2+ 41. Rxe2 Rb3+ 42. Rxb3 a1=Q 43. Rb7+ Kf6 44. Reb2 Qa3+ 45. Kd4 Bd5 46.
R7b4 Qd3+ 47. Kc5 e3 0-1

[Event "Deutsche Ländermeisterschaft 2012"]
[Site "Hannover GER"]
[Date "2012.10.01"]
[Round "4"]
[White "Tennert, Simon"]
[Black "Zeller, Elisa"]
[Result "1-0"]
[Termination "normal"]
[Board "3.4"]
[WhiteTitle "16"]
[BlackTitle "18w"]
[WhiteElo "2153"]
[BlackElo "1903"]
[WhiteTeam "Niedersachsen 1"]
[BlackTeam "Württemberg"]
[PlyCount "87"]
[WhiteFideId "1270445"]
[BlackFideId "24662410"]
[EventCountry "GER"]
[EventRounds "7"]
[EventType "team-swiss"]
[EventDate "2012.09.28"]

1. e4 e5 2. Nf3 Nc6 3. Bc4 Bc5 4. O-O Nf6 5. d4 d5 6. exd5 Nxd4 7. Nxe5 O-O 8.
Be3 b5 9. Bxd4 Bxd4 10. Qxd4 bxc4 11. Nc6 Qd6 12. Na3 Kh8 13. Rad1 Ng4 14. f4
Ba6 15. Ne5 Nxe5 16. fxe5 Qb6 17. Qxb6 axb6 18. c3 Rad8 19. Nc2 Bb7 20. Nb4 g6
21. Rd4 b5 22. Kf2 Kg7 23. b3 cxb3 24. axb3 Rfe8 25. Re1 Rd7 26. Re2 Kf8 27.
Kg3 Rde7 28. Nd3 Rd8 29. c4 bxc4 30. bxc4 Bc8 31. Kf4 f6 32. Rde4 g5+ 33. Kf3
Bf5 34. R4e3 Bxd3 35. Rxd3 fxe5 36. Kg4 h6 37. Rde3 Rde8 38. Kf5 Rf7+ 39. Kg6
Rf4 40. Re4 g4 41. g3 Rf7 42. Rxe5 Ra8 43. Kxh6 Ra6+ 44. Re6 1-0